[Event "C.I.S. serie A2 girone 3"]
[Site "?"]
[Date "2019.03.16"]
[Round "3.4"]
[White "Gioga, Michele"]
[Black "Biasizzo, Maurizio"]
[Result "0-1"]
[WhiteElo "1802"]
[BlackElo "1937"]
[PlyCount "106"]
[EventDate "2019.??.??"]
[WhiteTeam "DLF Verona"]
[BlackTeam "DLF Udine A"]

1. e4 e5 2. Nf3 Nc6 3. Bb5 a6 4. Bxc6 dxc6 5. O-O Bg4 6. d3 Qf6 7. Nbd2 Ne7 8.
Nc4 Ng6 9. Ne3 Bxf3 10. Qxf3 Qxf3 11. gxf3 Nh4 12. Nc4 Nxf3+ 13. Kg2 Nh4+ 14.
Kh1 Ng6 15. f4 exf4 16. Bxf4 Nxf4 17. Rxf4 Bd6 18. e5 Be7 19. Rg1 O-O 20. Ne3
Rae8 21. Nf5 g6 22. Nh6+ Kg7 23. Nf5+ Kh8 24. Nh6 f6 25. e6 Bd6 26. Re4 f5 27.
Ree1 Rf6 28. Nf7+ Kg7 29. Ng5 Bf4 30. Nf7 Rexe6 31. Rxe6 Rxe6 32. Nd8 Re2 33.
Rg2 Re1+ 34. Rg1 Re8 35. Nxb7 Rb8 36. Nc5 Be3 37. Ne6+ Kf6 38. Re1 f4 39. Nxc7
a5 40. d4 Rb7 41. Na6 Rxb2 42. c3 Kf5 43. Nc5 Rxa2 44. Rb1 f3 45. Nd3 Rc2 46.
Ne5 Ke4 47. Rf1 f2 48. Ng4 h5 49. Ne5 g5 50. Nxc6 a4 51. Nb4 Rxc3 52. d5 Rc4
53. Na2 Kxd5 0-1

[Event "C.I.S. serie A2 girone 3"]
[Site "?"]
[Date "2019.03.16"]
[Round "3.1"]
[White "Cardarelli, Angelo"]
[Black "Luciani, Carlo"]
[Result "0-1"]
[WhiteElo "1974"]
[BlackElo "2194"]
[PlyCount "124"]
[EventDate "2019.??.??"]
[WhiteTeam "Valbelluna"]
[BlackTeam "Maniago 1"]

1. d4 Nf6 2. c4 g6 3. Nc3 Bg7 4. e4 d6 5. f3 O-O 6. Be3 Nc6 7. Nge2 a6 8. Nc1
e5 9. d5 Nd4 10. Nb3 c5 11. dxc6 bxc6 12. Nxd4 exd4 13. Bxd4 Rb8 14. Qc2 Bh6
15. Bd3 d5 16. cxd5 cxd5 17. e5 Nh5 18. g3 Ng7 19. O-O Ne6 20. Qf2 Rb4 21. Ba7
d4 22. Bxd4 Rxd4 23. Be2 Ng5 24. Kh1 Bb7 25. h4 Ne6 26. Rad1 Qb6 27. Na4 Qb4
28. b3 Rfd8 29. Rxd4 Rxd4 30. Rd1 Rd2 31. Qe1 Nd4 32. Rxd2 Qxd2 33. Qxd2 Bxd2
34. Nc5 Nxe2 35. Nxb7 Nxg3+ 36. Kh2 Nf5 37. h5 gxh5 38. Nc5 Bf4+ 39. Kh3 Bxe5
40. Nxa6 Bd6 41. a4 Nd4 42. b4 Nc6 43. b5 Na5 44. Kh4 Nc4 45. Kxh5 Kg7 46. Kg5
f6+ 47. Kf5 Kf7 48. Ke4 Ke6 49. Kd4 Na5 50. b6 Be5+ 51. Kc5 h5 52. Kb5 Nb7 53.
Nb4 h4 54. Nd3 h3 55. Nf2 h2 56. a5 Nxa5 57. Kxa5 Kf5 58. f4 Bxf4 59. b7 Bb8
60. Kb4 Kf4 61. Kc3 Kf3 62. Nh1 Kg2 0-1

[Event "C.I.S. serie A2 girone 3"]
[Site "?"]
[Date "2019.03.16"]
[Round "3.2"]
[White "Tamai, Roberto"]
[Black "Cortina, Federico"]
[Result "1/2-1/2"]
[WhiteElo "2188"]
[BlackElo "2080"]
[PlyCount "95"]
[EventDate "2019.??.??"]
[WhiteTeam "Maniago 1"]
[BlackTeam "Valbelluna"]

1. e4 e5 2. Nf3 Nc6 3. Nc3 Nf6 4. d4 exd4 5. Nxd4 Bb4 6. Nxc6 bxc6 7. Bd3 d5 8.
exd5 cxd5 9. O-O O-O 10. Bg5 c6 11. Qf3 h6 12. Bxf6 Qxf6 13. Qxf6 gxf6 14. Ne2
Be6 15. Ng3 Rab8 16. Rab1 Rfe8 17. Nh5 Be7 18. Rfe1 Kf8 19. b3 Bg4 20. Ng3 Bb4
21. Rxe8+ Rxe8 22. Kf1 Bc3 23. h3 Bc8 24. Ne2 Be5 25. Re1 Bd7 26. Ng3 Bxg3 27.
Rxe8+ Kxe8 28. fxg3 Ke7 29. Kf2 Kd6 30. Ke3 Ke5 31. c3 c5 32. b4 d4+ 33. cxd4+
cxd4+ 34. Kf2 Ba4 35. Ke2 Bc6 36. Kf2 f5 37. h4 f6 38. a3 Be4 39. Bc4 Bb7 40.
a4 Ke4 41. Ke2 Ke5 42. Kf2 Bc6 43. a5 Be4 44. Ba6 Kd6 45. Bc4 Bd5 46. Bd3 Be4
47. Bc4 Bd5 48. Bd3 1/2-1/2

[Event "C.I.S. serie A2 girone 3"]
[Site "?"]
[Date "2019.03.16"]
[Round "3.3"]
[White "Buzzatti, Francesco"]
[Black "Fiorido, Giuseppe"]
[Result "0-1"]
[WhiteElo "1916"]
[BlackElo "2010"]
[PlyCount "128"]
[EventDate "2019.??.??"]
[WhiteTeam "Valbelluna"]
[BlackTeam "Maniago 1"]

1. d4 Nf6 2. Bg5 e6 3. e4 Be7 4. e5 Nd5 5. Bxe7 Nxe7 6. Bd3 d6 7. Qg4 O-O 8.
Nc3 Nd7 9. O-O-O Ng6 10. Bxg6 hxg6 11. h4 dxe5 12. dxe5 Nxe5 13. Qg3 Qf6 14. f4
Nc6 15. Nf3 Qf5 16. Ne5 Nxe5 17. fxe5 b6 18. Rhf1 Qh5 19. Qf4 Qh6 20. Qxh6 gxh6
21. Ne4 Bb7 22. Nf6+ Kg7 23. Rf2 Rad8 24. Rfd2 Rxd2 25. Rxd2 Bc6 26. g4 Rc8 27.
c4 Kf8 28. b4 a6 29. Kc2 Ke7 30. Kc3 Rd8 31. Rxd8 Kxd8 32. Ng8 g5 33. h5 Ke8
34. Kd4 Kf8 35. Nf6 Bf3 36. a4 Ke7 37. a5 Kd8 38. c5 bxa5 39. bxa5 Kc8 40. c6
Kd8 41. Kc5 Bd1 42. Ng8 Bxg4 43. Nxh6 Bxh5 44. Kd4 Ke8 45. Ng8 Bf3 46. Nf6+ Ke7
47. Ke3 Bxc6 48. Nh7 g4 49. Kf4 Bf3 50. Nf6 Kd8 51. Ng8 c5 52. Nf6 c4 53. Nh7
c3 54. Ke3 c2 55. Kd2 Bd1 56. Ng5 Ke7 57. Ne4 Kf8 58. Ng3 Kg7 59. Ne4 Kg6 60.
Nc5 g3 61. Nd3 Kf5 62. Ke3 Kg4 63. Nc1 Kh3 64. Nd3 Kh2 0-1

[Event "C.I.S. serie A2 girone 3"]
[Site "?"]
[Date "2019.03.16"]
[Round "3.4"]
[White "Turrin, Osvaldo"]
[Black "Capraro, Fabio"]
[Result "1-0"]
[WhiteElo "1996"]
[BlackElo "1965"]
[PlyCount "79"]
[EventDate "2019.??.??"]
[WhiteTeam "Maniago 1"]
[BlackTeam "Valbelluna"]

1. d4 Nf6 2. Nf3 g6 3. c4 Bg7 4. Nc3 d6 5. Bg5 O-O 6. e3 Nbd7 7. Be2 h6 8. Bh4
c5 9. O-O Re8 10. Qc2 cxd4 11. Nxd4 Ne5 12. Rfd1 Qc7 13. Bxf6 Bxf6 14. Nd5 Qd8
15. Nxf6+ exf6 16. Nb5 Re6 17. c5 d5 18. e4 a6 19. exd5 Re8 20. Nd6 Re7 21. h3
f5 22. Rac1 Rc7 23. f4 Nd7 24. b4 Nf6 25. Bf3 Qxd6 26. cxd6 Rxc2 27. Rxc2 Bd7
28. Rc7 Rb8 29. Re1 g5 30. g3 g4 31. Bh1 b6 32. Re7 Rd8 33. Rb7 a5 34. Rxb6
axb4 35. Rxb4 Rc8 36. Re2 Rc1+ 37. Kh2 Nh5 38. hxg4 fxg4 39. Bg2 f5 40. Rb8+
1-0

[Event "C.I.S. serie A2 girone 3"]
[Site "?"]
[Date "2019.03.16"]
[Round "3.1"]
[White "Zamengo, Bruno"]
[Black "Palma, Andrea"]
[Result "1/2-1/2"]
[WhiteElo "1878"]
[BlackElo "1915"]
[PlyCount "88"]
[EventDate "2019.??.??"]
[WhiteTeam "Montebelluna A2"]
[BlackTeam "CUS Udine"]

1. e4 d5 2. exd5 Qxd5 3. Nc3 Qa5 4. Bc4 Nf6 5. d4 Bf5 6. Nge2 e6 7. O-O Nbd7 8.
Ng3 Bg6 9. a3 c6 10. Bf4 Nd5 11. Nxd5 cxd5 12. Bd3 Qb6 13. Bxg6 hxg6 14. Qd2
Bd6 15. c4 Qc7 16. Bxd6 Qxd6 17. c5 Qe7 18. Rfe1 Qh4 19. Nf1 Nb8 20. b4 Nc6 21.
Rad1 a6 22. a4 Qh6 23. Qc3 O-O 24. Re3 Rfd8 25. Rh3 Qf4 26. Ng3 e5 27. Ne2 Qe4
28. Re3 exd4 29. Nxd4 Qg4 30. f3 Qf4 31. Red3 Re8 32. b5 axb5 33. axb5 Nxd4 34.
Rxd4 Qe3+ 35. Qxe3 Rxe3 36. Rxd5 Ra2 37. Rd8+ Kh7 38. R8d4 g5 39. h4 Rc3 40.
hxg5 Rxc5 41. Rh4+ Kg6 42. Rd6+ Kf5 43. Rd7 Rxb5 44. Rxf7+ Kg6 1/2-1/2

[Event "C.I.S. serie A2 girone 3"]
[Site "?"]
[Date "2019.03.16"]
[Round "3.2"]
[White "Willis, Daniel"]
[Black "Rossi, Gianni"]
[Result "1-0"]
[WhiteElo "1760"]
[BlackElo "1688"]
[PlyCount "117"]
[EventDate "2019.??.??"]
[WhiteTeam "CUS Udine"]
[BlackTeam "Montebelluna A2"]

1. d4 e5 2. dxe5 d6 3. Nf3 Bg4 4. exd6 Bxd6 5. e3 Qe7 6. Be2 Nc6 7. h3 Bh5 8.
Nd4 Bxe2 9. Qxe2 Nxd4 10. exd4 O-O-O 11. Qxe7 Nxe7 12. O-O Nf5 13. c3 Rhe8 14.
Nd2 Re2 15. Nc4 Rde8 16. Rb1 f6 17. Ne3 Nxe3 18. Bxe3 f5 19. Rfe1 Rc2 20. Rec1
Rxc1+ 21. Rxc1 f4 22. Bd2 Re2 23. Rd1 g5 24. Kf1 Re7 25. Re1 Kd7 26. Rxe7+ Kxe7
27. Ke2 Ke6 28. Kf3 Kf5 29. g4+ Ke6 30. Ke4 h6 31. c4 a6 32. f3 Bf8 33. Bc3 c6
34. a3 b5 35. c5 Be7 36. Ba5 Bf6 37. Bc7 Be7 38. b4 Bf6 39. Be5 Be7 40. Bg7 Kf7
41. Bxh6 Kg6 42. d5 cxd5+ 43. Kxd5 Kxh6 44. c6 Bd8 45. Kd6 Kg6 46. c7 Bxc7+ 47.
Kxc7 Kf6 48. Kd6 Kf7 49. Ke5 Ke7 50. Kf5 Kd6 51. Kxg5 Kd5 52. Kxf4 Kc4 53. g5
Kb3 54. g6 Kxa3 55. g7 Kxb4 56. g8=Q a5 57. Qa2 a4 58. Ke4 a3 59. Kd3 1-0

[Event "C.I.S. serie A2 girone 3"]
[Site "?"]
[Date "2019.03.16"]
[Round "3.3"]
[White "Gaudiosi, Andrea"]
[Black "Azzola, Armando"]
[Result "0-1"]
[WhiteElo "1650"]
[BlackElo "1718"]
[PlyCount "46"]
[EventDate "2019.??.??"]
[WhiteTeam "Montebelluna A2"]
[BlackTeam "CUS Udine"]

1. c4 Nf6 2. Nc3 Nc6 3. Nf3 e5 4. d3 d5 5. cxd5 Nxd5 6. e4 Nxc3 7. bxc3 Be7 8.
Be3 Bg4 9. h3 Bh5 10. Be2 h6 11. O-O Bg6 12. Rb1 b6 13. Qb3 Qd6 14. Rfd1 O-O
15. Qc2 Qe6 16. d4 exd4 17. Nxd4 Bxe4 18. Nxe6 Bxc2 19. Nxf8 Bxd1 20. Rxd1 Rxf8
21. Rd7 Bd6 22. Bd4 Nb8 23. Rxd6 cxd6 0-1

[Event "C.I.S. serie A2 girone 3"]
[Site "?"]
[Date "2019.03.17"]
[Round "4.3"]
[White "Gioga, Michele"]
[Black "Azzola, Armando"]
[Result "1/2-1/2"]
[WhiteElo "1802"]
[BlackElo "1718"]
[PlyCount "55"]
[EventDate "2019.??.??"]
[WhiteTeam "DLF Verona"]
[BlackTeam "CUS Udine"]

1. e4 e5 2. Nf3 Nc6 3. Bb5 g6 4. Bxc6 dxc6 5. d4 exd4 6. Qxd4 Qxd4 7. Nxd4 Bg7
8. c3 Bd7 9. Be3 c5 10. Ne2 b6 11. Nd2 Nf6 12. f3 Bb5 13. Rd1 O-O-O 14. Kf2 h5
15. Bg5 Rd7 16. h4 Re8 17. Rhe1 Ng8 18. Nf1 Bc4 19. Rxd7 Kxd7 20. Rd1+ Kc8 21.
Ne3 Bb5 22. c4 Ba6 23. b3 c6 24. Bf4 Be5 25. Bxe5 Rxe5 26. Nf4 Kc7 27. g3 Bc8
28. Nd3 1/2-1/2

[Event "C.I.S. serie A2 girone 3"]
[Site "?"]
[Date "2019.03.17"]
[Round "4.1"]
[White "Luciani, Carlo"]
[Black "Zamengo, Bruno"]
[Result "1-0"]
[WhiteElo "2194"]
[BlackElo "1898"]
[PlyCount "143"]
[EventDate "2019.??.??"]
[WhiteTeam "Maniago 1"]
[BlackTeam "Montebelluna A2"]

1. e4 e6 2. d4 d5 3. Nd2 Nf6 4. e5 Nfd7 5. Bd3 c5 6. c3 Nc6 7. Ne2 cxd4 8. cxd4
f6 9. exf6 Nxf6 10. Nf3 Bd6 11. O-O Qc7 12. Bg5 O-O 13. Bh4 Ng4 14. Bg3 e5 15.
Qb3 Nf6 16. Nc3 Na5 17. Nxd5 Nxb3 18. Nxc7 Bxc7 19. axb3 Kh8 20. Bc4 Bg4 21.
Nxe5 Bh5 22. Ng6+ Bxg6 23. Bxc7 Rac8 24. Bd6 Rfd8 25. Be7 Rxd4 26. Bxf6 gxf6
27. Rxa7 Be4 28. Re1 Kg7 29. h3 Kg6 30. Rxe4 Rcxc4 31. Rxd4 Rxd4 32. Rxb7 Rd1+
33. Kh2 Rd2 34. Kg3 Rxb2 35. h4 Kh6 36. f3 Kg6 37. Kh3 Rf2 38. h5+ Kxh5 39.
Rxh7+ Kg6 40. Rh4 Kg5 41. Rg4+ Kf5 42. Rc4 Rb2 43. g4+ Kg6 44. Rb4 Rb1 45. Kg3
Kg5 46. Rb5+ Kg6 47. Kf4 Rg1 48. Rb6 Rg2 49. b4 Rg1 50. Ke3 Rb1 51. f4 Rb3+ 52.
Ke4 Rb1 53. g5 Kg7 54. Rxf6 Rxb4+ 55. Kf5 Rb5+ 56. Kg4 Rb4 57. Ra6 Rc4 58. Rd6
Ra4 59. Kf5 Ra5+ 60. Ke4 Ra1 61. Ke5 Rb1 62. Re6 Rc1 63. Kf5 Rc5+ 64. Re5 Rc4
65. Re7+ Kf8 66. Ra7 Rc5+ 67. Kg4 Rc1 68. f5 Rg1+ 69. Kh5 Rf1 70. Kg6 Rf2 71.
f6 Rf1 72. Ra8# 1-0

[Event "C.I.S. serie A2 girone 3"]
[Site "?"]
[Date "2019.03.17"]
[Round "4.2"]
[White "Rossi, Gianni"]
[Black "Tamai, Roberto"]
[Result "0-1"]
[WhiteElo "1688"]
[BlackElo "2188"]
[PlyCount "40"]
[EventDate "2019.03.16"]
[WhiteTeam "Montebelluna A2"]
[BlackTeam "Maniago 1"]

1. d4 Nf6 2. f3 d5 3. e4 e6 4. e5 Nfd7 5. f4 c5 6. c3 Nc6 7. Nf3 Qb6 8. Be2 Be7
9. O-O f6 10. Kh1 O-O 11. Na3 cxd4 12. Nxd4 Nc5 13. Nac2 fxe5 14. Nxc6 bxc6 15.
fxe5 Rxf1+ 16. Bxf1 Ne4 17. Be3 Qxb2 18. c4 Qxe5 19. Qg4 Bd7 20. Bd4 Qxd4 0-1

[Event "C.I.S. serie A2 girone 3"]
[Site "?"]
[Date "2019.03.17"]
[Round "4.3"]
[White "Fiorido, Giuseppe"]
[Black "Gaudiosi, Andrea"]
[Result "1/2-1/2"]
[WhiteElo "2010"]
[BlackElo "1650"]
[PlyCount "69"]
[EventDate "2019.??.??"]
[WhiteTeam "Maniago 1"]
[BlackTeam "Montebelluna A2"]

1. e4 c6 2. d4 d5 3. exd5 cxd5 4. Bd3 Nc6 5. c3 Nf6 6. h3 e6 7. Bf4 Bd6 8. Bxd6
Qxd6 9. Nf3 O-O 10. O-O Ne4 11. Nbd2 f5 12. Bb5 Ne7 13. Bd3 Nc6 14. Re1 a6 15.
Nb3 b6 16. Qe2 Rf6 17. Ne5 Rh6 18. Nd2 Nxe5 19. dxe5 Qd8 20. Bxe4 fxe4 21. f3
Qg5 22. Qe3 Rg6 23. Qxg5 Rxg5 24. fxe4 dxe4 25. Nxe4 Rxe5 26. Nd6 Rd5 27. Nxc8
Rxc8 28. Rad1 Kf7 29. Rxd5 exd5 30. Kf2 Kf6 31. Re3 Rd8 32. Ke2 Rd6 33. Kd3 Re6
34. Rf3+ Ke7 35. Rf2 1/2-1/2

[Event "C.I.S. serie A2 girone 3"]
[Site "?"]
[Date "2019.03.17"]
[Round "4.4"]
[White "Giraldi, Edoardo"]
[Black "Turrin, Osvaldo"]
[Result "1-0"]
[WhiteElo "1651"]
[BlackElo "1996"]
[PlyCount "99"]
[EventDate "2019.??.??"]
[WhiteTeam "Montebelluna A2"]
[BlackTeam "Maniago 1"]

1. e4 c6 2. d4 d5 3. e5 Bf5 4. h4 h6 5. g4 Be4 6. f3 Bh7 7. e6 fxe6 8. Bd3 Bxd3
9. Qxd3 Nf6 10. f4 Qa5+ 11. c3 Ne4 12. Nd2 Nxd2 13. Bxd2 Nd7 14. Nf3 O-O-O 15.
Ne5 Nxe5 16. fxe5 Qb5 17. Qxb5 cxb5 18. Rf1 g5 19. h5 Kd7 20. O-O-O Bg7 21. Rf7
Rhg8 22. Rdf1 Rdf8 23. Rxf8 Rxf8 24. Rxf8 Bxf8 25. Kc2 Kc6 26. Kb3 b6 27. a4 a6
28. Kb4 Bg7 29. b3 Bf8 30. axb5+ axb5 31. c4 bxc4 32. bxc4 Bg7 33. Bc3 Bf8 34.
Bb2 Bg7 35. Ba3 Bf8 36. Kc3 Kb7 37. c5 b5 38. Kb4 Kc6 39. Ka5 Bg7 40. Bb4 Bh8
41. Ka6 Bg7 42. Ka7 Kc7 43. Ba3 Bh8 44. Ka6 Kc6 45. Ka7 Kc7 46. c6 Bg7 47. Ka6
Kxc6 48. Bxe7 Kd7 49. Bd6 Kc6 50. Ka5 1-0

[Event "C.I.S. serie A2 girone 3"]
[Site "?"]
[Date "2019.03.17"]
[Round "4.1"]
[White "De Poi, Paolo"]
[Black "Cardarelli, Angelo"]
[Result "1/2-1/2"]
[WhiteElo "2172"]
[BlackElo "1974"]
[PlyCount "165"]
[EventDate "2019.??.??"]
[WhiteTeam "DLF Udine A"]
[BlackTeam "Valbelluna"]

1. e4 c5 2. Nf3 e6 3. d4 cxd4 4. Nxd4 Nc6 5. Nb5 d6 6. c4 Be7 7. N1c3 a6 8. Na3
Nf6 9. Be2 O-O 10. O-O b6 11. Be3 Bb7 12. Qd2 Rc8 13. Rac1 Nd7 14. Nc2 Qc7 15.
Bf4 Nce5 16. Ne3 Rfd8 17. Rfd1 Qb8 18. Bg3 Qa8 19. f3 Bc6 20. a3 Qb8 21. f4 Ng6
22. b4 Bb7 23. Qa2 Kh8 24. f5 Ngf8 25. Kh1 Nf6 26. Bf3 Qa8 27. Qb1 Rd7 28. Rd4
Rcd8 29. Rcd1 h6 30. Bf2 N6h7 31. fxe6 fxe6 32. R4d3 Ng5 33. Bh4 Nxe4 34. Nxe4
Bxe4 35. Bxe4 Qxe4 36. Bxe7 Rxe7 37. Qb3 d5 38. cxd5 exd5 39. h3 d4 40. Nc2
Red7 41. b5 a5 42. Qc4 Ng6 43. Rxd4 Rxd4 44. Rxd4 Rxd4 45. Nxd4 Nf4 46. Qc8+
Kh7 47. Qf5+ Qxf5 48. Nxf5 Kg6 49. Ne3 Kf7 50. Nc4 Nd5 51. g4 Ke6 52. Kg2 Nc3
53. Nxb6 Nxb5 54. a4 Na3 55. Kf3 Kd6 56. Ke4 Kc5 57. Nd5 Nc4 58. Nc7 Kb4 59.
Ne6 Kxa4 60. Nxg7 Kb3 61. Ne6 Kc3 62. Nc5 Nd2+ 63. Ke3 Nf1+ 64. Ke4 Kc4 65. Nd3
Kc3 66. Nc5 Kc4 67. Nd3 Ng3+ 68. Ke3 Kb3 69. h4 Nf1+ 70. Ke4 Kc4 71. g5 Ng3+
72. Kf3 hxg5 73. hxg5 Nh5 74. Ke2 Kc3 75. Nc5 Nf4+ 76. Kf3 Ng6 77. Ke4 Kc4 78.
Nd3 Ne7 79. Ke3 Kd5 80. Kd2 Ke4 81. Kc3 Nc6 82. Nb2 Kf5 83. Kb3 1/2-1/2

[Event "C.I.S. serie A2 girone 3"]
[Site "?"]
[Date "2019.03.17"]
[Round "4.2"]
[White "Cortina, Federico"]
[Black "Tonon, Alessandro"]
[Result "1/2-1/2"]
[WhiteElo "2080"]
[BlackElo "2174"]
[PlyCount "42"]
[EventDate "2019.03.16"]
[WhiteTeam "Valbelluna"]
[BlackTeam "DLF Udine A"]

1. d4 Nf6 2. Bg5 Ne4 3. Bf4 d5 4. e3 c5 5. Bd3 Qb6 6. Bxe4 dxe4 7. Nc3 cxd4 8.
Qxd4 Qxd4 9. exd4 Bf5 10. O-O-O e6 11. Nge2 Nc6 12. d5 exd5 13. Rxd5 Be6 14.
Rdd1 f5 15. Nb5 Kf7 16. Nc7 Rc8 17. Nxe6 Kxe6 18. Rhe1 Be7 19. Nd4+ Nxd4 20.
Rxd4 Bc5 21. Rd2 Rhd8 1/2-1/2

[Event "C.I.S. serie A2 girone 3"]
[Site "?"]
[Date "2019.03.17"]
[Round "4.3"]
[White "Rossi, Paolo"]
[Black "Buzzatti, Francesco"]
[Result "1-0"]
[WhiteElo "1982"]
[BlackElo "1916"]
[PlyCount "93"]
[EventDate "2019.??.??"]
[WhiteTeam "DLF Udine A"]
[BlackTeam "Valbelluna"]

1. e4 c5 2. Nc3 d6 3. f4 Nc6 4. Nf3 g6 5. Bc4 Bg7 6. O-O Nf6 7. d3 Bg4 8. h3
Bxf3 9. Qxf3 O-O 10. Ne2 e6 11. c3 Na5 12. Bb5 a6 13. Ba4 b5 14. Bc2 Nd7 15. g4
Rc8 16. f5 Nc6 17. g5 Be5 18. f6 b4 19. Kg2 bxc3 20. bxc3 Nb6 21. h4 d5 22. h5
dxe4 23. dxe4 Qc7 24. Rh1 Nb4 25. Bd1 Rcd8 26. Qh3 Rd3 27. Qh4 Nc4 28. hxg6
fxg6 29. cxb4 Bxa1 30. Nf4 Rxd1 31. Rxd1 Qc6 32. Qh6 Qxe4+ 33. Kg3 Bxf6 34.
gxf6 Qb7 35. Nxe6 Re8 36. bxc5 Ne5 37. Qg7+ Qxg7 38. Nxg7 Rc8 39. Rd5 Nd3 40.
Bg5 Kf7 41. Rd7+ Kg8 42. Ne6 Ne5 43. Rg7+ Kh8 44. f7 Nxf7 45. Rxf7 h6 46. Bf6+
Kg8 47. Rg7+ 1-0

[Event "C.I.S. serie A2 girone 3"]
[Site "?"]
[Date "2019.03.17"]
[Round "4.4"]
[White "Capraro, Fabio"]
[Black "Biasizzo, Maurizio"]
[Result "1/2-1/2"]
[WhiteElo "1965"]
[BlackElo "1937"]
[PlyCount "50"]
[EventDate "2019.??.??"]
[WhiteTeam "Valbelluna"]
[BlackTeam "DLF Udine A"]

1. c4 Nf6 2. g3 c5 3. Bg2 d5 4. cxd5 Nxd5 5. Nc3 Nc7 6. Nf3 Nc6 7. d3 e5 8. O-O
Be7 9. Bd2 O-O 10. Rc1 Be6 11. a3 Rb8 12. Ne4 Na6 13. Bc3 f6 14. Bd2 Qd7 15.
Be3 Nd4 16. Nxd4 cxd4 17. Bd2 Rbc8 18. b4 b6 19. f4 h6 20. fxe5 fxe5 21. Rxf8+
Bxf8 22. Rxc8 Qxc8 23. Qa4 Bd7 24. Qb3+ Be6 25. Qa4 Bd7 1/2-1/2

[Event "C.I.S. serie A2 girone 3"]
[Site "?"]
[Date "2019.03.17"]
[Round "5.1"]
[White "Cardarelli, Angelo"]
[Black "Paler, Adrian"]
[Result "1/2-1/2"]
[WhiteElo "1974"]
[BlackElo "2162"]
[PlyCount "113"]
[EventDate "2019.??.??"]
[WhiteTeam "Valbelluna"]
[BlackTeam "DLF Verona"]

1. d4 d5 2. c4 e6 3. Nc3 c6 4. cxd5 exd5 5. Qc2 g6 6. Bf4 Nf6 7. e3 Bf5 8. Bd3
Bxd3 9. Qxd3 Bd6 10. Nge2 O-O 11. O-O Re8 12. Rae1 Ne4 13. f3 Bxf4 14. fxe4
dxe4 15. Nxe4 Bxh2+ 16. Kxh2 Qh4+ 17. Kg1 Qxe4 18. Qxe4 Rxe4 19. Nc3 Re6 20. e4
Nd7 21. Re2 Rae8 22. Ref2 f6 23. b4 Rd6 24. Rd1 Kg7 25. g4 h6 26. Kg2 Nb6 27.
Kf3 Red8 28. Ne2 Nc4 29. Rc1 b5 30. Rc2 Re6 31. a4 a6 32. Rf1 Re7 33. Rh1 Red7
34. Ra1 Kh7 35. Rh1 g5 36. Rhc1 Rxd4 37. Nxd4 Rxd4 38. a5 Ne5+ 39. Ke3 Rxb4 40.
Rxc6 Nxc6 41. Rxc6 Kg7 42. Rxa6 Ra4 43. Ra7+ Kg6 44. a6 h5 45. gxh5+ Kxh5 46.
Rb7 Rxa6 47. Rxb5 Ra3+ 48. Kf2 Kg4 49. Rf5 Ra6 50. Kg2 Re6 51. Rf2 Rxe4 52.
Rxf6 Re2+ 53. Kf1 Ra2 54. Rb6 Kh4 55. Rb3 g4 56. Kg1 g3 57. Rb8 1/2-1/2

[Event "C.I.S. serie A2 girone 3"]
[Site "?"]
[Date "2019.03.17"]
[Round "5.3"]
[White "Buzzatti, Francesco"]
[Black "Scotti, Mirko"]
[Result "0-1"]
[WhiteElo "1916"]
[BlackElo "2001"]
[PlyCount "116"]
[EventDate "2019.??.??"]
[WhiteTeam "Valbelluna"]
[BlackTeam "DLF Verona"]

1. d4 d5 2. c4 e6 3. Nf3 Nf6 4. Nc3 Nbd7 5. Bf4 c6 6. c5 Be7 7. e3 O-O 8. Bd3
Re8 9. h3 Nf8 10. b4 N6d7 11. Bh2 Bf6 12. O-O e5 13. Bc2 e4 14. Nd2 Bg5 15.
Ndxe4 dxe4 16. Nxe4 Be7 17. a4 Nf6 18. Nxf6+ Bxf6 19. b5 Bd7 20. Rb1 Ne6 21.
Qd3 g6 22. Rfe1 Nc7 23. b6 axb6 24. Rxb6 Bc8 25. e4 Ne6 26. e5 Bg5 27. Bb3 Nc7
28. f4 Bh6 29. Qf3 Bf8 30. Kh1 Nd5 31. Bxd5 Qxd5 32. Qxd5 cxd5 33. Ra1 Re6 34.
Rb4 Rea6 35. g4 R8a7 36. Bg3 Bd7 37. a5 Bc6 38. f5 Rxa5 39. Rxa5 Rxa5 40. Bf4
gxf5 41. gxf5 h5 42. Rb3 Ra4 43. Rg3+ Kh7 44. Be3 Ra3 45. Kg2 Ba4 46. h4 Bd1
47. Bg5 Ra2+ 48. Kf1 Bg4 49. Rb3 Bxf5 50. Rxb7 Be6 51. c6 Rc2 52. c7 Bh6 53.
Bd8 Kg6 54. Bf6 Kf5 55. Rb8 Be3 56. Rh8 Kg4 57. c8=R Bxc8 58. Bg5 Ba6+ 0-1

[Event "C.I.S. serie A2 girone 3"]
[Site "?"]
[Date "2019.03.17"]
[Round "5.4"]
[White "Gioga, Michele"]
[Black "Capraro, Fabio"]
[Result "1/2-1/2"]
[WhiteElo "1802"]
[BlackElo "1965"]
[PlyCount "88"]
[EventDate "2019.??.??"]
[WhiteTeam "DLF Verona"]
[BlackTeam "Valbelluna"]

1. e4 c5 2. Nf3 Nc6 3. Bb5 Nd4 4. Bc4 e6 5. Nxd4 cxd4 6. O-O Qc7 7. d3 Nf6 8.
f4 h5 9. Nd2 d5 10. exd5 exd5 11. Re1+ Be7 12. Bb5+ Kf8 13. Qe2 a6 14. Ba4 b5
15. Bb3 Bg4 16. Nf3 Re8 17. Qf2 Bxf3 18. Qxf3 Qd7 19. Bd2 g6 20. Re5 Kg7 21.
Bxd5 Bd6 22. Rxe8 Rxe8 23. Bc6 Qc7 24. Bxe8 Nxe8 25. c3 Qc5 26. Kf1 Nf6 27. Rc1
Ng4 28. Qg3 Qf5 29. Kg1 Bc5 30. c4 bxc4 31. Rxc4 Ne3 32. Bxe3 dxe3 33. Re4 Qd5
34. Qe1 Qxa2 35. d4 Bb4 36. Qxe3 Qb1+ 37. Kf2 Qxb2+ 38. Qe2 Qa3 39. Re8 Bd6 40.
g3 a5 41. Rd8 Qb4 42. Qe8 Qxd4+ 43. Kg2 Qe4+ 44. Kh3 Qf5+ 1/2-1/2

[Event "C.I.S. serie A2 girone 3"]
[Site "?"]
[Date "2019.03.17"]
[Round "5.1"]
[White "Palma, Andrea"]
[Black "Luciani, Carlo"]
[Result "1-0"]
[WhiteElo "1915"]
[BlackElo "2194"]
[PlyCount "91"]
[EventDate "2019.??.??"]
[WhiteTeam "CUS Udine"]
[BlackTeam "Maniago 1"]

1. Nf3 Nf6 2. c4 g6 3. g3 Bg7 4. Bg2 O-O 5. O-O d6 6. Nc3 Nc6 7. d3 h6 8. Rb1
a5 9. a3 e5 10. b4 axb4 11. axb4 Be6 12. b5 Ne7 13. Bb2 Qd7 14. Re1 Bh3 15. Bh1
Ng4 16. Qb3 Kh7 17. Ra1 Rab8 18. Ra7 f5 19. Nd5 Nc8 20. Ra4 Nb6 21. Nxb6 cxb6
22. Rea1 f4 23. Ra7 Qc8 24. Qb4 Rf6 25. Bg2 Bxg2 26. Kxg2 fxg3 27. hxg3 Bf8 28.
Qe1 Rf5 29. Ba3 e4 30. dxe4 Rh5 31. Qd2 Qxc4 32. Bxd6 Rd8 33. Rxb7+ Kg8 34. Qf4
Qe6 35. Bxf8 Rxf8 36. Qxf8+ Kxf8 37. Ra8+ Qe8 38. Rxe8+ Kxe8 39. Rxb6 Kf7 40.
Rb8 Rc5 41. b6 Nf6 42. e5 Nd7 43. Rb7 Rd5 44. Rc7 Ke6 45. b7 Nb8 46. Rc8 1-0

[Event "C.I.S. serie A2 girone 3"]
[Site "?"]
[Date "2019.03.17"]
[Round "5.2"]
[White "Tamai, Roberto"]
[Black "Willis, Daniel"]
[Result "1-0"]
[WhiteElo "2188"]
[BlackElo "1760"]
[PlyCount "91"]
[EventDate "2019.??.??"]
[WhiteTeam "Maniago 1"]
[BlackTeam "CUS Udine"]

1. e4 e6 2. d4 d5 3. Nd2 Nf6 4. Bd3 Be7 5. Ngf3 O-O 6. e5 Nfd7 7. h4 c5 8. c3
f5 9. exf6 Nxf6 10. Ne5 cxd4 11. cxd4 Nc6 12. Ndf3 Qa5+ 13. Kf1 Qb6 14. a3 Bd6
15. Be3 Ne4 16. Kg1 Qxb2 17. Bxe4 dxe4 18. Nc4 Qb5 19. Nxd6 Qd5 20. Ng5 Qxd6
21. Qh5 h6 22. Nxe4 Qd5 23. Qxd5 exd5 24. Nc3 Be6 25. Kh2 Na5 26. Rhe1 Bf7 27.
Rab1 b6 28. a4 Nc4 29. Kg3 Kh7 30. Bf4 Rfe8 31. Be5 Nxe5 32. dxe5 d4 33. Nb5
Red8 34. f4 d3 35. Nd6 Bh5 36. Rb2 Be2 37. Rc1 a6 38. Kf2 b5 39. a5 Kg8 40. Rc7
Bd1 41. Ke3 Bc2 42. Rb4 Rxd6 43. exd6 Re8+ 44. Kd2 Re2+ 45. Kc3 Kf8 46. Rc8+
1-0

[Event "C.I.S. serie A2 girone 3"]
[Site "?"]
[Date "2019.03.17"]
[Round "5.3"]
[White "Azzola, Armando"]
[Black "Fiorido, Giuseppe"]
[Result "0-1"]
[WhiteElo "1718"]
[BlackElo "2010"]
[PlyCount "114"]
[EventDate "2019.03.16"]
[WhiteTeam "CUS Udine"]
[BlackTeam "Maniago 1"]

1. e4 c6 2. Nf3 d5 3. exd5 cxd5 4. Ne5 Nf6 5. d4 Nc6 6. Bb5 Bd7 7. Nxd7 Qxd7 8.
Nc3 a6 9. Ba4 e6 10. a3 b5 11. Bb3 Be7 12. O-O Rc8 13. Ne2 Bd6 14. c3 O-O 15.
Bf4 Na5 16. Bc2 Nc4 17. Bxd6 Qxd6 18. Rb1 a5 19. Bd3 Rc7 20. Bxc4 bxc4 21. Ng3
Rb8 22. Re1 Rcb7 23. Qc2 Rb3 24. f3 Qb6 25. Re2 Rxa3 26. h4 Rb3 27. Qd2 a4 28.
Ra1 Rxb2 29. Qxb2 Qxb2 30. Rxb2 Rxb2 31. Rxa4 g6 32. Kf1 Rb3 33. Ne2 Rb7 34.
Ra1 Kg7 35. Nf4 h6 36. Ne2 g5 37. hxg5 hxg5 38. g4 Nd7 39. Kf2 Rb2 40. Rc1 Nf8
41. Ke3 Ng6 42. f4 gxf4+ 43. Nxf4 Nxf4 44. Kxf4 Kg6 45. Kf3 Rd2 46. Kf4 Re2 47.
Rh1 Rf2+ 48. Ke5 Rf3 49. Rc1 Kg5 50. Kd6 Kxg4 51. Ke7 Rf5 52. Rh1 Kf4 53. Rh3
Ke4 54. Rg3 Rf4 55. Rg1 Rf3 56. Rd1 Rxc3 57. Kxf7 e5 0-1